00478nam a22001577a 450000500170000000800410001702000180005804000130007608200180008910000240010724501030013125000120023426000380024630000110028465000250029520250221104850.0250221b |||||||| |||| 00| 0 eng d a9781394168156 cPK-LaUMT a616.15bHOF-H aHoffbrand, A Victor aHoffbrand's essential haematology /cby A Victor Hoffbrand, Pratima Chowdary and Graham P. Collins a9th ed. aHoboken :bWiley Blackwell,c2024 a490 p. aHematologic diseases